000 00679nam a22002057a 4500
999 _c20150
_d20150
003 AR-CdUCM
008 190527b ||||| |||| 00| 0 spa d
040 _aMUNICIPALIDAD PROVINCIAL DEL CUSCO
_cBIBLIOTECA MUNICIPAL DEL CUSCO
082 _a343.2 /
_bM971
100 _aMuñoz, Luis
_942136
245 _aLa Constitución política del Perú comentada /
260 _aLima :
_bJuris,
_c1956.
300 _a308 páginas ;
_c25 cm.
505 _aContenido: Constitución del Perú promulgada el 9 de abril de 1933
650 _aDerecho constitucional
_94734
650 _aLegislación
_92962
650 _aManuscritos
_98377
942 _2ddc
_cLIBROS
945 _adavv
_d2019-05-27